The East India company and the politics of knowledge (Record no. 1309137)

MARC details
000 -LEADER
fixed length control field 01539nam a22002057a 4500
005 - DATE AND TIME OF LATEST TRANSACTION
control field 20250530115946.0
008 - FIXED-LENGTH DATA ELEMENTS--GENERAL INFORMATION
fixed length control field 250418b |||||||| |||| 00| 0 eng d
020 ## - INTERNATIONAL STANDARD BOOK NUMBER
International Standard Book Number 9781009367950
040 ## - CATALOGING SOURCE
Original cataloging agency SDCL
Transcribing agency SDCL
041 ## - LANGUAGE CODE
Source of code eng
Language code of text/sound track or separate title eng
084 ## - COLON CLASSIFICATION NUMBER
Classification number V2,k,L R3
100 ## - MAIN ENTRY--PERSONAL NAME
Personal name Ehrlich, Joshua
9 (RLIN) 751863
245 ## - TITLE STATEMENT
Title The East India company and the politics of knowledge
260 ## - PUBLICATION, DISTRIBUTION, ETC.
Place of publication, distribution, etc. New Delhi :
Name of publisher, distributor, etc. Cambridge University Press,
Date of publication, distribution, etc. 2023.
300 ## - PHYSICAL DESCRIPTION
Extent xi, 243p.
520 ## - SUMMARY, ETC.
Summary, etc. The East India Company is remembered as the world's most powerful, not to say notorious, corporation. But for many of its advocates from the 1770s to the 1850s it was also the world's most enlightened one. Joshua Ehrlich reveals that a commitment to knowledge was integral to the Company's ideology. He shows how the Company cited this commitment in defense of its increasingly fraught union of commercial and political power. He moves beyond studies of orientalism, colonial knowledge, and information with a new approach: the history of ideas of knowledge. He recovers a world of debate among the Company's officials and interlocutors, Indian and European, on the political uses of knowledge. Not only were these historical actors highly articulate on the subject but their ideas continue to resonate in the present. Knowledge was a fixture in the politics of the Company – just as it seems to be becoming a fixture in today's politics.
650 ## - SUBJECT ADDED ENTRY--TOPICAL TERM
Topical term or geographic name entry element History / Asia / General
9 (RLIN) 784144
650 ## - SUBJECT ADDED ENTRY--TOPICAL TERM
Topical term or geographic name entry element History / Asia / South / General
9 (RLIN) 811150
942 ## - ADDED ENTRY ELEMENTS (KOHA)
Source of classification or shelving scheme Colon Classification (CC)
Koha item type Textual
Suppress in OPAC No
Holdings
Withdrawn status Lost status Source of classification or shelving scheme Damaged status Not for loan Home library Current library Date acquired Source of acquisition Inventory number Total Checkouts Full call number Barcode Date last seen Price effective from Koha item type
    Colon Classification (CC)     South Campus Library South Campus Library 2025-04-18 Classic Book Service 171, 11/12/2024, INR 3495.00   V2,k,L R3 SC1690742 2025-04-18 2025-04-18 Textual
Copyright @ Delhi University Library System